Obálka Náhled e-knihy:
PDF Epub
Pro půjčování e-knih musíte být přihlášeni.
Jak si půjčit online?

Royal Elite: Epilog /

Závěrečný román ukončuje celou romantickou sérii anglické autorky.

Uloženo v:
Série:Royal Elite, část 8
Hlavní autor: Kent, Rina, 1991- (Autor)
Další autoři: Sýkorová, Kateřina, 1994- (Autor)
Médium: E-kniha
Jazyk:Czech
Vydáno: Praha : Dobrovský s.r.o, 2026
Edice:Red
Témata:
Příbuzné jednotky:Z cyklu:: Royal Elite
Tagy:
Žádné tagy
LEADER 02208nam a2200469 i 4500
001 299204
003 CZ PrSKC
005 20260425063148.0
007 ta
008 260423s2026 xr e 000 f cze
015 |a cnb003753521 
020 |a 9788027743841  |q (brožováno) :  |c Kč 349,00 
040 |a ABG001  |b cze  |e rda 
041 1 |a cze  |h eng 
072 7 |a 821.111-3  |x Anglická próza, anglicky psaná  |2 Konspekt 
080 |a 821.111-31  |2 MRF 
080 |a (0:82-993)  |2 MRF 
100 1 |a Kent, Rina,  |d 1991-  |7 osa20231198221  |4 aut 
240 1 0 |a Royal Elite Epilogue.  |l Česky 
245 1 0 |a Royal Elite: Epilog /  |c Rina Kent ; přeložila Kateřina Sýkorová 
246 3 0 |a Epilog 
264 1 |a Praha :  |b Dobrovský s.r.o,  |c 2026 
300 |a 152 stran ;  |c 20 cm 
336 |a text  |b txt  |2 rdacontent 
337 |a bez média  |b n  |2 rdamedia 
338 |a svazek  |b nc  |2 rdacarrier 
490 1 |a Red 
500 |a Přeloženo z angličtiny 
520 2 |a Závěrečný román ukončuje celou romantickou sérii anglické autorky.  |b Po letech na Royal Elite School se vrací poslední společný příběh všech hlavních hrdinů. Levi a Astrid, Aiden a Elsa, Xander a Kimberly, Ronan a Teal, Cole a Silver. Přečtěte si závěr bestsellerové série a zjistěte, co se dělo po ukončení studia na Royal Elite School. Nakladatelská anotace. Kráceno. 
655 7 |a anglické romány  |7 fd131814  |2 czenas 
655 7 |a erotické romány  |7 fd132211  |2 czenas 
655 9 |a English fiction  |2 eczenas 
655 9 |a erotic novels  |2 eczenas 
700 1 |a Sýkorová, Kateřina,  |d 1994-  |7 jo20231203522  |4 trl 
710 2 |a Dobrovský (firma)  |7 olak2017946581  |4 pbl 
787 0 8 |i Z cyklu:  |t Royal Elite  |g 8 
830 0 |a Red 
900 |a ABG001  |b 19 
044 |a xr 
910 |a RBIT002 
998 |d 426316  |a https://core.palmknihy.cz/api/books/426316/cover?tdzgza  |b https://core.palmknihy.cz/api/books/426316/cover/400?tdzgza  |c https://core.palmknihy.cz/api/books/426316/cover/50?tdzgza  |e   |g 160  |i 9788027743841  |j https://core.palmknihy.cz/api/books/426316/preview.epub  |k https://core.palmknihy.cz/api/books/426316/preview.pdf  |l   |q 49  |r 1  |s https://www.palmknihy.cz/kniha/426316  |t ebook  |y 2026  |z 0  |v Royal Elite  |w 8 
999 |d 299202